Вып. 5 : Сборник научных трудов кафедры металловедения; Сборник научных трудов

Λεπτομέρειες βιβλιογραφικής εγγραφής
Parent link:Сборник научных трудов/ Московский институт цветных металлов и золота (МИЦМиЗ). Вып. 5 : Сборник научных трудов кафедры металловедения.— , 1938-
Άλλοι συγγραφείς: Бочвар А. А. (редактор)
Γλώσσα:Ρωσικά
Έκδοση: 1938
Θέματα:
Μορφή: Βιβλίο
KOHA link:https://koha.lib.tpu.ru/cgi-bin/koha/opac-detail.pl?biblionumber=282399

MARC

LEADER 00000nam2a2200000 4500
001 282399
005 20231101235509.0
035 |a (RuTPU)RU\TPU\book\306289 
090 |a 282399 
100 |a 20150130d1938 k y0rusy50 ca 
101 0 |a rus 
102 |a RU 
105 |a a z 001zy 
200 0 |a Вып. 5 : Сборник научных трудов кафедры металловедения  |f под ред. А. А. Бочвар 
210 |d 1938 
215 |a 96 с.  |c ил. 
320 |a Библиогр. в конце ст. 
461 1 |0 (RuTPU)RU\TPU\book\198125  |t Сборник научных трудов  |f Московский институт цветных металлов и золота (МИЦМиЗ)  |v Вып. 5 : Сборник научных трудов кафедры металловедения  |d 1938-  
606 1 |a Металловедение  |x Общие вопросы  |2 stltpush  |3 (RuTPU)RU\TPU\subj\42403  |9 62070 
610 1 |a сплавы 
610 1 |a дисперсность 
610 1 |a растворимость 
610 1 |a упрочнение 
610 1 |a термообработка 
610 1 |a облагораживание 
610 1 |a модифицирование 
610 1 |a рекристаллизация 
610 1 |a магний 
610 1 |a электроны 
610 1 |a алюминиевые сплавы 
610 1 |a рентгенографические исследования 
675 |a 669.017  |v 4 
702 1 |a Бочвар  |b А. А.  |4 340 
801 1 |a RU  |b 63413507  |c 20150130 
801 2 |a RU  |b 63413507  |c 20170210  |g RCR 
942 |c BK